<?xml version="1.0" encoding="UTF-8"?>
<collection xmlns="http://www.loc.gov/MARC21/slim">
 <record>
  <leader>01201nam a22001937a 4500</leader>
  <controlfield tag="001">NCT_24701</controlfield>
  <controlfield tag="008">171014b        xxu||||| |||| 00| 0 vie d</controlfield>
  <datafield tag="999" ind1=" " ind2=" ">
   <subfield code="c">1171</subfield>
   <subfield code="d">1171</subfield>
  </datafield>
  <datafield tag="020" ind1=" " ind2=" ">
   <subfield code="a">9786049495816</subfield>
   <subfield code="c">198000</subfield>
  </datafield>
  <datafield tag="082" ind1="0" ind2="4">
   <subfield code="2">22nd ed.</subfield>
   <subfield code="a">345.59705</subfield>
   <subfield code="b">T527</subfield>
  </datafield>
  <datafield tag="245" ind1="0" ind2="0">
   <subfield code="a">Tuyển tập các quyết định giám đốc thẩm của tòa án nhân dân tối cao về hình sự, dân sự, kinh tế năm (2013-2016) :</subfield>
   <subfield code="b">Quyết định số 698/QĐ-CA ngày 17-10-2016 của Chánh Tòa án Nhân dân Tối cao về việc công bố (04) án lệ áp dụng 01-12-2016</subfield>
   <subfield code="c">Vũ Duy Khang (Hệ thống)</subfield>
  </datafield>
  <datafield tag="260" ind1=" " ind2=" ">
   <subfield code="a">Tp.HCM</subfield>
   <subfield code="b">Hồng Đức </subfield>
   <subfield code="c">2016</subfield>
  </datafield>
  <datafield tag="300" ind1=" " ind2=" ">
   <subfield code="a">470 tr.</subfield>
   <subfield code="c">28cm</subfield>
  </datafield>
  <datafield tag="653" ind1=" " ind2=" ">
   <subfield code="a">Luật học</subfield>
  </datafield>
  <datafield tag="700" ind1="1" ind2=" ">
   <subfield code="a">Vũ Duy Khang</subfield>
   <subfield code="e">Hệ thống</subfield>
  </datafield>
  <datafield tag="942" ind1=" " ind2=" ">
   <subfield code="2">ddc</subfield>
   <subfield code="c">BK</subfield>
  </datafield>
  <datafield tag="952" ind1=" " ind2=" ">
   <subfield code="0">0</subfield>
   <subfield code="1">0</subfield>
   <subfield code="2">ddc</subfield>
   <subfield code="4">0</subfield>
   <subfield code="6">345_597050000000000_T527</subfield>
   <subfield code="7">0</subfield>
   <subfield code="9">6215</subfield>
   <subfield code="a">000001</subfield>
   <subfield code="b">000001</subfield>
   <subfield code="d">2018-01-18</subfield>
   <subfield code="l">4</subfield>
   <subfield code="m">1</subfield>
   <subfield code="o">345.59705 T527</subfield>
   <subfield code="p">MD.09504</subfield>
   <subfield code="r">2020-12-17</subfield>
   <subfield code="s">2020-12-01</subfield>
   <subfield code="v">198000.00</subfield>
   <subfield code="w">2018-01-18</subfield>
   <subfield code="y">BK</subfield>
  </datafield>
  <datafield tag="952" ind1=" " ind2=" ">
   <subfield code="0">0</subfield>
   <subfield code="1">0</subfield>
   <subfield code="2">ddc</subfield>
   <subfield code="4">0</subfield>
   <subfield code="6">345_597050000000000_T527</subfield>
   <subfield code="7">0</subfield>
   <subfield code="9">6216</subfield>
   <subfield code="a">000001</subfield>
   <subfield code="b">000001</subfield>
   <subfield code="d">2018-01-18</subfield>
   <subfield code="o">345.59705 T527</subfield>
   <subfield code="p">MD.09505</subfield>
   <subfield code="r">2018-01-18</subfield>
   <subfield code="v">198000.00</subfield>
   <subfield code="w">2018-01-18</subfield>
   <subfield code="y">BK</subfield>
  </datafield>
  <datafield tag="980" ind1=" " ind2=" ">
   <subfield code="a">Thư viện Trường Đại học Nam Cần Thơ</subfield>
  </datafield>
 </record>
</collection>
